| 000 | 00865 aa a2200229 4500 | ||
|---|---|---|---|
| 008 | 081020t xxu||||| |||| 00| 0 eng d | ||
| 010 | _aENG-84089 | ||
| 020 | _a8176298883 | ||
| 020 | _c950.00 (hb) | ||
| 035 | _aEN-67622 | ||
| 082 | _a362.10425 | ||
| 245 |
_aRural health care and housing / _cedited by S B Verma, Shiw Kumar Jiloka and Anil Chandra Pathak |
||
| 260 |
_aNew Delhi _bDeep and Deep Publications _eF-159, Rajouri Garden, New Delhi-110027 |
||
| 260 | _c2006 | ||
| 300 |
_axviii,493p _c22cm |
||
| 500 | _aIncludes index | ||
| 700 |
_aJiloka, Shiw Kumar _ced |
||
| 700 |
_aPathak, Anil Chandra _ced |
||
| 700 |
_aVerma, S B _ced |
||
| 942 |
_2ddc _cEN _h362.10425 _mRUR |
||
| 999 |
_c17056 _d17056 |
||